| 000 | 00471nam a2200181Ia 4500 | ||
|---|---|---|---|
| 003 | GCL | ||
| 008 | 140319s9999 xx 000 0 eng d | ||
| 040 |
_aGCL / _cGCL |
||
| 082 | 0 | 4 |
_a320.12 _bP P |
| 100 | 1 | _aPAINTER, JOE | |
| 245 | 1 | 0 |
_aPOLITICS, GEOGRAPHY AND POLITICAL GEOGRAPHY / _cPAINTER, JOE |
| 260 |
_a[S.N] : _bARNOLD PUBLISHERS ، _c1995 |
||
| 300 | _a206 P | ||
| 650 | 0 | 4 | _aWORLD POLITICS |
| 650 | 0 | 4 | _aGEOGRAPHY |
| 650 | 0 | 4 | _aGEOPOLITICS |
| 942 |
_2ddc _cBK |
||
| 999 |
_c13166 _d13166 |
||